Data communication and networking
I tiakina i:
| Kaituhi matua: | |
|---|---|
| Hōputu: | Pukapuka |
| Reo: | Ingarihi |
| I whakaputaina: |
McGraw-Hill Education,
2023.
|
| Tags: |
Tāpirihia he Tūtohu
No Tags, Be the first to tag this record!
|
MARC
| LEADER | 00000nam a22000007a 4500 | ||
|---|---|---|---|
| 008 | 240712b |||||||| |||| 00| 0 eng d | ||
| 020 | |a 978-1-25-906475-3 | ||
| 100 | |a FOROUZAN, Behrouz A. | ||
| 245 | |a Data communication and networking |c Behrouz A. Forouzan |e McGraw-Hill Forouzan networking series |g xxxviii, 1226p. : ill. | ||
| 250 | |b 5th ed. | ||
| 260 | |b McGraw-Hill Education, |c 2023. |h New Delhi: |i 691037 – Tech., |i 691038 |i 703023 |l TK5105 .F76 |m Data transmission systems. |m Computer network | ||
| 500 | |a “It includes references and index” | ||
| 942 | |a lcc |c BK |e Adeniran, Francis A. |f 12/07/2024 | ||
| 952 | |0 0 |1 0 |2 lcc |4 0 |6 TK5105 F76 |7 0 |9 5394 |a TL |b HOL |c QZ |d 2024-07-12 |l 0 |n 3 |o TK5105 .F76 |p 2024-0635 |r 2024-07-12 00:00:00 |t 691037 |w 2024-07-12 |y BK | ||
| 952 | |0 0 |1 0 |2 lcc |4 0 |6 TK5105 F76 |7 0 |9 5395 |a HOL |b HOL |c QZ |d 2024-07-12 |l 0 |n 3 |o TK5105 .F76 |p 2024-0636 |r 2024-07-12 00:00:00 |t 691038 |w 2024-07-12 |y BK | ||
| 952 | |0 0 |1 0 |2 lcc |4 0 |6 TK5105 F76 |7 0 |9 5396 |a HOL |b HOL |c QZ |d 2024-07-12 |l 0 |n 3 |o TK5105 .F76 |p 2024-0637 |r 2024-07-12 00:00:00 |t 703023 |w 2024-07-12 |y BK | ||
| 999 | |c 2668 |d 2668 | ||